Marketing investičního dodavatele.

Rozdiely v aplikácií marketingu na rôzne odbory a odvetvia podnikateľskej aktivity. Trh dodávok pre investície a výrobok na tomto trhu. Cena dodávky pre investície. Distribučné cesty a komunikačná i propagačná podpora predaja.

Salvato in:
Dettagli Bibliografici
Autore principale: Hlas, A.
Natura: Capitolo di libro
Lingua:ceco
Soggetti:
Tags: Aggiungi Tag
Nessun Tag, puoi essere il primo ad aggiungerne!!

MARC

LEADER 00000naa a2200000 4500
001 r003550
005 20220819175402.6
041 0 |a cze 
044 |a [CS] 
245 1 0 |a Marketing investičního dodavatele.  |c A. Hlas 
520 |a Rozdiely v aplikácií marketingu na rôzne odbory a odvetvia podnikateľskej aktivity. Trh dodávok pre investície a výrobok na tomto trhu. Cena dodávky pre investície. Distribučné cesty a komunikačná i propagačná podpora predaja. 
610 2 0 |a investície 
610 2 0 |a marketing 
610 2 0 |a ceny 
610 2 0 |a distribúcia 
610 2 0 |a predaj 
610 2 0 |a dodávatelia 
610 2 0 |a propagácia 
100 1 |a Hlas, A.